[Event "LVI C.to Italiano"]
[Site "Mantova ITA"]
[Date "1996.11.30"]
[Round "8"]
[White "Manca, Federico"]
[Black "Arlandi, Ennio"]
[Result "1/2-1/2"]
[WhiteElo "2350"]
[BlackElo "2445"]
[PlyCount "50"]
[EventDate "1996.11.23"]

1. e4 c6 2. d4 d5 3. Nd2 dxe4 4. Nxe4 Nd7 5. Nf3 Ngf6 6. Ng3 e6 7. Bd3 c5 8.
O-O Be7 9. b3 O-O 10. Bb2 Qc7 11. Re1 Re8 12. c4 b6 13. d5 exd5 14. cxd5 Bf8
15. Rxe8 Nxe8 16. d6 Bxd6 17. Ng5 Nf8 18. Bc4 Be6 19. Nxe6 Nxe6 20. Qg4 Bxg3
21. hxg3 Nd4 22. Bxd4 cxd4 23. Qxd4 Rd8 24. Re1 Nf6 25. Qe3 Kf8 1/2-1/2

[Event "LVI C.to Italiano"]
[Site "Mantova ITA"]
[Date "1996.11.30"]
[Round "8"]
[White "Mantovani, Renzo"]
[Black "Isonzo, David"]
[Result "1/2-1/2"]
[WhiteElo "2360"]
[BlackElo "2175"]
[PlyCount "172"]
[EventDate "1996.11.23"]

1. Nf3 Nf6 2. g3 g6 3. Bg2 Bg7 4. O-O O-O 5. c4 d6 6. d4 Nbd7 7. Qc2 e5 8. Rd1
Qe7 9. Nc3 c6 10. b3 Re8 11. Ba3 e4 12. Ng5 e3 13. f3 Nf8 14. Nge4 Nxe4 15.
fxe4 Qf6 16. Rd3 Ne6 17. Rad1 c5 18. Nd5 Qg5 19. dxc5 dxc5 20. Bc1 Nd4 21. Bxe3
Qxe3+ 22. Nxe3 Nxc2 23. Nxc2 Be6 24. Kf1 Be5 25. Ne1 Bc7 26. Nc2 Rad8 27. Ne3
Kg7 28. Kf2 Kf6 29. Bf3 h5 30. Ng2 Rxd3 31. exd3 Be5 32. Ke2 Rd8 33. Rf1 Ke7
34. Nf4 h4 35. Bg2 hxg3 36. hxg3 Rh8 37. Kf3 Rh2 38. Rh1 Rxh1 39. Bxh1 Kd6 40.
Bg2 Ke7 41. Bf1 Kd6 42. Bh3 Bxf4 43. Bxe6 Bxg3 44. Bxf7 Be1 45. Bxg6 Ke5 46.
Bf5 Bc3 47. Bc8 b6 48. Ba6 Bb2 49. Kg4 Bc1 50. Kh5 Kf6 51. b4 Bd2 52. bxc5 bxc5
53. Bb7 Be3 54. Bc8 Bd2 55. Bf5 Bc1 56. Kg4 Ke5 57. Kh5 Kf6 58. Bh3 Bd2 59. Bf1
Be3 60. Kg4 Bd2 61. Kf3 Ke5 62. Ke2 Bc3 63. Kd1 Bd4 64. Kd2 Kd6 65. Bg2 Ke5 66.
Bh3 Kd6 67. Ke2 Ke5 68. Kf3 Bb2 69. Kg4 Bc1 70. Kh5 Kf6 71. Bd7 Bd2 72. Bb5 Be3
73. a4 a5 74. Bd7 Bd2 75. Bc6 Be3 76. Bb5 Bc1 77. d4 cxd4 78. c5 Ba3 79. c6 Bd6
80. Kh6 Bg3 81. Kh7 Ke7 82. Kg6 Kd6 83. Kf5 d3 84. e5+ Kc7 85. Bxd3 Kxc6 86.
Ke6 Kc7 1/2-1/2

[Event "LVI C.to Italiano"]
[Site "Mantova ITA"]
[Date "1996.11.30"]
[Round "8"]
[White "Sarno, Spartaco"]
[Black "Godena, Michele"]
[Result "1/2-1/2"]
[WhiteElo "2410"]
[BlackElo "2550"]
[PlyCount "41"]
[EventDate "1996.11.23"]

1. c4 Nf6 2. Nf3 Nc6 3. g3 e5 4. Bg2 Bc5 5. O-O d6 6. Nc3 O-O 7. e3 a6 8. d4
Ba7 9. h3 Re8 10. dxe5 dxe5 11. b3 Bf5 12. Bb2 Bd3 13. Ne2 Re7 14. Ne1 Be4 15.
Qxd8+ Rxd8 16. Ba3 Red7 17. Nc3 Bxg2 18. Nxg2 Rd3 19. Rfc1 Bb6 20. Ne1 R3d7 21.
Rab1 1/2-1/2

[Event "LVI C.to Italiano"]
[Site "Mantova ITA"]
[Date "1996.12.01"]
[Round "9"]
[White "Arlandi, Ennio"]
[Black "Borgo, Giulio"]
[Result "1-0"]
[WhiteElo "2445"]
[BlackElo "2375"]
[PlyCount "87"]
[EventDate "1996.11.23"]

1. d4 Nf6 2. c4 e6 3. Nf3 d5 4. Nc3 Nbd7 5. cxd5 exd5 6. Bg5 c6 7. e3 Qa5 8.
Nd2 Ne4 9. Ndxe4 dxe4 10. Bh4 Bb4 11. Qc2 Nb6 12. a3 Bf5 13. Rc1 Bd6 14. Qd2
Bc7 15. Nxe4 Qd5 16. Nc5 O-O 17. Nxb7 Rfe8 18. f3 Bf4 19. Bf2 Re7 20. Ba6 Rae8
21. O-O Bxe3 22. Bxe3 Rxe3 23. Na5 g6 24. Nxc6 Bc8 25. Nb4 Qd7 26. Bxc8 Nxc8
27. Nd5 Qxd5 28. Rxc8 Rxc8 29. Qxe3 Rc2 30. Rf2 Rc4 31. Rd2 h5 32. Qe8+ Kh7 33.
Qe4 Rc1+ 34. Kf2 Qg5 35. Re2 Rh1 36. Qe7 Qf5 37. h3 h4 38. Qxh4+ Kg7 39. Qe4
Qc8 40. Qe5+ Kh7 41. Qe8 Qc4 42. Qe3 Rd1 43. Rd2 Qf1+ 44. Kg3 1-0

[Event "LVI C.to Italiano"]
[Site "Mantova ITA"]
[Date "1996.12.01"]
[Round "9"]
[White "Bellini, Fabio"]
[Black "Mantovani, Renzo"]
[Result "1/2-1/2"]
[WhiteElo "2390"]
[BlackElo "2360"]
[PlyCount "33"]
[EventDate "1996.11.23"]

1. e4 c5 2. Nf3 e6 3. d3 Nc6 4. g3 d6 5. Bg2 g6 6. O-O Bg7 7. c3 Nge7 8. d4 O-O
9. d5 exd5 10. exd5 Ne5 11. Nxe5 Bxe5 12. Bg5 Bg7 13. Re1 Re8 14. Na3 h6 15.
Bd2 a6 16. Nc4 b5 17. Ne3 1/2-1/2

[Event "LVI C.to Italiano"]
[Site "Mantova ITA"]
[Date "1996.12.01"]
[Round "9"]
[White "Godena, Michele"]
[Black "Belotti, Bruno"]
[Result "1/2-1/2"]
[WhiteElo "2550"]
[BlackElo "2400"]
[PlyCount "93"]
[EventDate "1996.11.23"]

1. e4 d6 2. d4 Nf6 3. Bd3 g6 4. c3 Bg7 5. Nf3 O-O 6. O-O Nc6 7. h3 e5 8. Re1 h6
9. Na3 Nh5 10. Bb5 Bd7 11. dxe5 dxe5 12. Nc4 Nb8 13. Bxd7 Nxd7 14. Be3 Qe7 15.
Qb3 b6 16. Qb5 Qe6 17. Rad1 Rad8 18. Rd2 Nhf6 19. Rde2 Nxe4 20. Bxh6 a6 21. Qb4
Bxh6 22. Rxe4 f6 23. Rg4 Kg7 24. Nd4 Qf7 25. Nf5+ Kh7 26. Nxh6 Kxh6 27. Ne3 Nc5
28. Rh4+ Kg7 29. Qg4 Qd7 30. Qg3 Qe6 31. f4 Ne4 32. f5 Nxg3 33. fxe6 Rfe8 34.
Rg4 Nh5 35. Rc4 c5 36. b4 Rxe6 37. bxc5 b5 38. Rb4 Rc6 39. c4 Rxc5 40. cxb5
axb5 41. Reb1 Ra8 42. Rxb5 Rxb5 43. Rxb5 Rxa2 44. Rb7+ Kh6 45. h4 g5 46. Nf5+
Kg6 47. Ne7+ 1/2-1/2

[Event "LVI C.to Italiano"]
[Site "Mantova ITA"]
[Date "1996.12.01"]
[Round "9"]
[White "Tatai, Stefano"]
[Black "Sarno, Spartaco"]
[Result "1-0"]
[WhiteElo "2375"]
[BlackElo "2410"]
[PlyCount "121"]
[EventDate "1996.11.23"]

1. e4 d6 2. d4 Nf6 3. Nc3 g6 4. Nf3 Bg7 5. Be2 O-O 6. O-O c6 7. a4 a5 8. Re1
Na6 9. h3 Nb4 10. Bf1 Nd7 11. Nb1 Na6 12. c3 Nc7 13. Bf4 Ne6 14. Bh2 Qb6 15.
Na3 Rd8 16. Nc4 Qa7 17. Qb3 b6 18. Qa2 Bb7 19. Rad1 Rac8 20. d5 Nec5 21. Nd4
Bxd4 22. Rxd4 Nf6 23. Na3 Ba6 24. dxc6 Bxf1 25. Kxf1 Ne6 26. Nb5 Qa8 27. Rd2
Qxc6 28. f3 Nd7 29. Red1 Qb7 30. b3 Nc7 31. Nxc7 Qxc7 32. c4 Nc5 33. Bg1 f6 34.
Qb2 Qc6 35. Rd5 Kf7 36. Be3 Rb8 37. Qc2 Rd7 38. Kf2 Rg8 39. h4 Rb7 40. h5 Rbb8
41. Rh1 Rh8 42. Ke1 Qc8 43. Kd1 Qe6 44. Kc1 Rbg8 45. Kb2 g5 46. h6 Rg6 47. Qc3
Rc8 48. g4 Rc7 49. Ka3 Qc8 50. Qd2 Rg8 51. Rd1 Rg6 52. e5 dxe5 53. Bxc5 Rxc5
54. Rd7 Qc6 55. Ra7 Qe6 56. Qc2 Rc8 57. Rdd7 Re8 58. c5 bxc5 59. Qxc5 Rxh6 60.
Rd6 Rc8 61. Qb6 1-0